| 000 | 01406nam a2200241Ia 4500 | ||
|---|---|---|---|
| 999 |
_c45510 _d45510 |
||
| 001 | 12335 | ||
| 003 | GE_BSU | ||
| 005 | 20240701122749.0 | ||
| 008 | 181216s2014||||geo|||||||||||||| ||ge || | ||
| 020 | _a9789941436925 | ||
| 040 | _cGE_BSU | ||
| 041 | _ageo | ||
| 080 | _a376.2 ო-99 | ||
| 245 |
_aოჯახის და სკოლის თანამშრომლობა = FAMILY AND SCHOOL COOPERATION / _cავტ. და შემდგ. : გიორგი ბისეიშვილი, ნინო გოგიჩაძე, ლუმი იანგი და სხვ. ; მთ. რედ. მადონა ხარებავა. |
||
| 264 |
_aთბილისი : _bნეკერი, _c2014. |
||
| 300 |
_a138 გვ. ; _c20 სმ. |
||
| 300 | _bდანართი 1,2,3,4 - გვ:127-131. | ||
| 500 | _aშეზღუდული შესაძლებლობის მქონე ქალთა და შეზღუდ. შესაძლ. მქონე ბავშვთა დედათა ასოციაცია "დეა | ||
| 501 | _aდანართი 1,2,3,4 - გვ. : 127-131 | ||
| 653 | _aოჯახის და სკოლის თანამშრომლობა = FAMILY AND SCHOOL COOPERATION. | ||
| 700 |
_aხარებავა, მადონა _eრედაქტორი _922635 |
||
| 942 |
_cBK _2udc |
||